Word Ladder: Aslan Quiz Stats

 Plays Quiz Updated Mar 8, 2019

Score 0/15 Timer 02:00
0 Plays Today
Clue 4-Letter Word % Correct
We're still waiting for this place to freeze overHELL
96.1%
'Who does he think __ __!'
or part of the phrase describing Aslan
•HE IS•
95.9%
Greeting in the Third ReichHEIL
95.6%
Fruit that goes with a CoronaLIME
92.9%
Domesticated
or part of the phrase describing Aslan
•TAME•
89.8%
Having a permanent limpLAME
89.6%
Large bookTOME
88.1%
Member of a pride
or part of the phrase describing Aslan
•LION•
86.8%
Clue 4-Letter Word % Correct
'This is ___ _ test'
or part of the phrase describing Aslan
•NOT A•
82%
City where the Iditarod Trail Sled Dog Race endsNOME
81.7%
Samsung Galaxy ____NOTE
80%
Paint on a surfaceLIMN
77.8%
Jodie Foster title characterNELL
77.1%
The Big Easy, for shortNOLA
68.9%
Longtime Pittsburgh Steelers coachNOLL
66.2%

Today's Daily Dose

You're not logged in!

Compare scores with friends on all Sporcle quizzes.
OR
Log In

Sporcle TV

Today on Sporcle TV


Watch our educational content, quiz creation guides, and fun videos on Sporcle TV.

Show Comments

Extras

Top Quizzes Today


Score Distribution

Your Account Isn't Verified!

In order to create a playlist on Sporcle, you need to verify the email address you used during registration. Go to your Sporcle Settings to finish the process.

Report this User

Report this user for behavior that violates our Community Guidelines.

Details: